000 00850nas a2200265 4500
001 BR2010004325
003 BR-BrBNA
005 20231205114719.0
007 ta
008 230509b bl.|||p| |||| 00| 00por d
040 _aBR-BrBNA
_bpor
_cBiblioteca Nacional de Agricultura
041 _a(Pt)
072 _aU10; N20
100 1 _aLopes, E. da S.
100 1 _aOliveira, D. de
100 1 _aSilva, P.C. da
100 1 _aChiquetto, A.L.
245 1 _aAvaliação do desempenho de operadores no treinamento com simulador de realidade virtual Forwarder
650 _aMODELO DE SIMULAÇÃO
650 _aEXTRAÇÃO DA MADEIRA
650 _aEQUIPAMENTO FLORESTAL
773 0 _tCiência Florestal (Brazil)
_xISSN 0103-9954
_g(Mar 2010), v. 20(1) p. 177-187
_wBR2010004325
909 _a202311
_bLúcia
_c55
_dLúcia Elande
942 _2AGRIS
_n0
_cANA
999 _c210105
_d210105